000 00687cam a2200217 4500500
005 20260405000934.0
041 _afre
042 _adc
100 1 0 _aBaillargeon, Normand
_eauthor
245 0 0 _aMichael Walzer: “ La finalité de l’éducation est de former des citoyens »”
260 _c2010.
500 _a90
690 _aÉtats-Unis
690 _aGauche
690 _aGuerre
690 _aLibéralisme
690 _aMichael Walzer
690 _aMulticulturalisme
786 0 _nPhilosophie magazine | 40 | 6 | 2010-06-01 | p. 27-29 | 1951-1787
856 4 1 _uhttps://shs.cairn.info/magazine-philosophie-magazine-2010-6-page-27?lang=fr&redirect-ssocas=7080
999 _c2042374
_d2042374